[Event "Mitropa Cup 25th"]
[Site "Brno"]
[Date "2006.09.12"]
[Round "6.5"]
[White "Abergel, Thal"]
[Black "Papp, Gabor"]
[Result "0-1"]
[WhiteElo "2477"]
[BlackElo "2481"]
[PlyCount "84"]
[EventDate "2006.09.07"]
[EventType "team-tourn"]
[EventRounds "9"]
[EventCountry "CZE"]
[Source "ChessBase"]
[SourceDate "2006.11.03"]
[WhiteTeam "France"]
[BlackTeam "Hungary"]
[WhiteTeamCountry "FRA"]
[BlackTeamCountry "HUN"]

1. e4 c5 2. Nf3 e6 3. Nc3 a6 4. d4 cxd4 5. Nxd4 b5 6. Bd3 Qb6 7. Nf3 Qc7 8. O-O
Bb7 9. Re1 Be7 10. e5 f5 11. Nh4 g6 12. Nf3 Nc6 13. a4 b4 14. Nb1 Nd8 15. Nbd2
Nf7 16. Nc4 Bc5 17. Ng5 Ngh6 18. h3 O-O 19. Bf1 Bd5 20. Nf3 Qa7 21. Be3 Bxe3
22. Nxe3 Bxf3 23. Qxf3 Nxe5 24. Qf4 Nhf7 25. Qxb4 Rab8 26. Qa3 Rfc8 27. c3 g5
28. Qa2 d5 29. Nc2 g4 30. Nd4 gxh3 31. g3 h2+ 32. Kg2 f4 33. gxf4 Ng6 34. Kxh2
Nxf4 35. Bh3 Ng5 36. Bxe6+ Ngxe6 37. Rxe6 Nxe6 38. Qxd5 Re8 39. Re1 Rbd8 40.
Qg2+ Ng7 41. Nc6 Re6 42. Rxe6 Qc7+ 0-1

[Event "Mitropa Cup 25th"]
[Site "Brno"]
[Date "2006.09.12"]
[Round "6.5"]
[White "Banusz, Tamas"]
[Black "Gozzoli, Yannick"]
[Result "1-0"]
[WhiteElo "2480"]
[BlackElo "2470"]
[PlyCount "63"]
[EventDate "2006.09.07"]
[EventType "team-tourn"]
[EventRounds "9"]
[EventCountry "CZE"]
[Source "ChessBase"]
[SourceDate "2006.11.03"]
[WhiteTeam "Hungary"]
[BlackTeam "France"]
[WhiteTeamCountry "HUN"]
[BlackTeamCountry "FRA"]

1. d4 d5 2. Nf3 Nf6 3. c4 c6 4. Nc3 dxc4 5. a4 Bf5 6. e3 e6 7. Bxc4 Bb4 8. O-O
O-O 9. Nh4 Nbd7 10. Nxf5 exf5 11. Qc2 Nb6 12. Bb3 Qd7 13. a5 Nbd5 14. f3 Rae8
15. Nxd5 Nxd5 16. e4 fxe4 17. fxe4 Nf6 18. Qc4 c5 19. Rxf6 gxf6 20. dxc5 Qc6
21. Qxb4 Rxe4 22. Qc3 Rfe8 23. Bf4 Re2 24. Qg3+ Kh8 25. Bxf7 Rf8 26. Bb3 Qxc5+
27. Kh1 Rfe8 28. Bf7 Qxa5 29. Rg1 Qe1 30. Bxe8 Qxg3 31. Bxg3 Rxe8 32. Re1 1-0

[Event "Mitropa Cup 25th"]
[Site "Brno"]
[Date "2006.09.12"]
[Round "6.5"]
[White "Colin, Vincent"]
[Black "Berczes, David"]
[Result "0-1"]
[WhiteElo "2415"]
[BlackElo "2461"]
[PlyCount "68"]
[EventDate "2006.09.07"]
[EventType "team-tourn"]
[EventRounds "9"]
[EventCountry "CZE"]
[Source "ChessBase"]
[SourceDate "2006.11.03"]
[WhiteTeam "France"]
[BlackTeam "Hungary"]
[WhiteTeamCountry "FRA"]
[BlackTeamCountry "HUN"]

1. d4 Nf6 2. c4 e6 3. Nc3 Bb4 4. e3 O-O 5. Bd3 d5 6. Nf3 b6 7. cxd5 exd5 8. Ne5
Bb7 9. O-O Bd6 10. f4 c5 11. Qf3 Nc6 12. Bd2 cxd4 13. Nxc6 Bxc6 14. exd4 Re8
15. Rae1 Qd7 16. f5 Bb4 17. Qg3 Kh8 18. Rxe8+ Rxe8 19. Qh4 Bxc3 20. bxc3 Bb5
21. Bxb5 Qxb5 22. Bg5 Ne4 23. f6 g6 24. Qh6 Rg8 25. Rf3 Qb1+ 26. Bc1 g5 27. Rf1
Nxc3 28. Qh5 Qd3 29. Bxg5 Ne2+ 30. Kh1 Ng3+ 31. hxg3 Qxf1+ 32. Kh2 Qf5 33. Qxf7
Qxg5 34. Qe7 Qxg3+ 0-1

[Event "Mitropa Cup 25th"]
[Site "Brno"]
[Date "2006.09.12"]
[Round "6.5"]
[White "Erdos, Viktor"]
[Black "Le Roux, Jean Pierre"]
[Result "1/2-1/2"]
[WhiteElo "2528"]
[BlackElo "2496"]
[PlyCount "99"]
[EventDate "2006.09.07"]
[EventType "team-tourn"]
[EventRounds "9"]
[EventCountry "CZE"]
[Source "ChessBase"]
[SourceDate "2006.11.03"]
[WhiteTeam "Hungary"]
[BlackTeam "France"]
[WhiteTeamCountry "HUN"]
[BlackTeamCountry "FRA"]

1. d4 d5 2. c4 c6 3. Nf3 Nf6 4. e3 e6 5. Bd3 Nbd7 6. O-O Bd6 7. Nc3 dxc4 8.
Bxc4 O-O 9. e4 e5 10. Bg5 Qc7 11. d5 Bb4 12. dxc6 bxc6 13. Qc2 Bxc3 14. bxc3
Nc5 15. Nd2 Ng4 16. Bh4 h6 17. Nf3 Re8 18. h3 g5 19. Nxg5 hxg5 20. Bxg5 Be6 21.
Be2 f6 22. Bc1 Qh7 23. Bxg4 Bxg4 24. hxg4 Kg7 25. f3 Rh8 26. Be3 Ne6 27. Kf2
Qh4+ 28. Ke2 Qg3 29. Rf2 Rad8 30. Qb3 Rd6 31. Rd1 Rxd1 32. Qxd1 Rd8 33. Qb3
Nf4+ 34. Bxf4 Qxf4 35. Qc2 c5 36. c4 Rd4 37. Qc3 Qh2 38. Qc1 Kg6 39. Qb1 Qf4
40. Kf1 Qe3 41. Re2 Qc3 42. Qb3 Qc1+ 43. Re1 Qh6 44. Qe3 Qh8 45. Kg1 Qd8 46. f4
Rxc4 47. fxe5 fxe5 48. Qf3 Qf6 49. Rd1 Qxf3 50. gxf3 1/2-1/2

[Event "Mitropa Cup 25th"]
[Site "Brno"]
[Date "2006.09.12"]
[Round "6.1"]
[White "Borgo, Giulio"]
[Black "Ekstroem, Roland"]
[Result "1/2-1/2"]
[WhiteElo "2414"]
[BlackElo "2461"]
[PlyCount "70"]
[EventDate "2006.09.07"]
[EventType "team-tourn"]
[EventRounds "9"]
[EventCountry "CZE"]
[Source "ChessBase"]
[SourceDate "2006.11.03"]
[WhiteTeam "Italy"]
[BlackTeam "Switzerland"]
[WhiteTeamCountry "ITA"]
[BlackTeamCountry "SUI"]

1. c4 e6 2. Nc3 d5 3. d4 Nf6 4. Bg5 Be7 5. e3 h6 6. Bh4 O-O 7. Nf3 b6 8. Rc1
Bb7 9. cxd5 Nxd5 10. Bxe7 Qxe7 11. Qa4 Rc8 12. Be2 c5 13. O-O Nd7 14. Nxd5 Bxd5
15. Qa3 a5 16. Rfd1 Rd8 17. Rd2 Qf6 18. Rcd1 Rac8 19. Ba6 Rb8 20. Be2 Rbc8 21.
Ne1 cxd4 22. Rxd4 Nc5 23. f4 Bb7 24. b4 axb4 25. Qxb4 e5 26. Rxd8+ Rxd8 27.
Rxd8+ Qxd8 28. Qc3 Bd5 29. a3 Qd6 30. Nd3 Nxd3 31. Bxd3 g6 32. Be2 Be6 33. h3
Kf8 34. Kf2 Ke7 35. Bd3 Bd7 1/2-1/2

[Event "Mitropa Cup 25th"]
[Site "Brno"]
[Date "2006.09.12"]
[Round "6.1"]
[White "Lettieri, Giuseppe"]
[Black "Raeber, Markus"]
[Result "1/2-1/2"]
[WhiteElo "2295"]
[BlackElo "2219"]
[PlyCount "132"]
[EventDate "2006.09.07"]
[EventType "team-tourn"]
[EventRounds "9"]
[EventCountry "CZE"]
[Source "ChessBase"]
[SourceDate "2006.11.03"]
[WhiteTeam "Italy"]
[BlackTeam "Switzerland"]
[WhiteTeamCountry "ITA"]
[BlackTeamCountry "SUI"]

1. e4 d5 2. exd5 Nf6 3. Bb5+ Nbd7 4. c4 a6 5. Ba4 b5 6. cxb5 Nb6 7. bxa6+ Nxa4
8. Qxa4+ Bd7 9. Qc4 e6 10. Nf3 exd5 11. Qe2+ Be7 12. O-O O-O 13. Ne5 Bd6 14. d4
Re8 15. Bg5 c5 16. Qc2 Bb5 17. Rc1 cxd4 18. Nf3 h6 19. Bxf6 Qxf6 20. Nbd2 Rxa6
21. Qb3 Be2 22. Qxd5 Bf4 23. Qd7 Re7 24. Rc8+ Kh7 25. Qxd4 Qxd4 26. Nxd4 Bg4
27. Rc2 Rd7 28. N2f3 Bxf3 29. Nxf3 Rxa2 30. Rb1 Rb7 31. g3 Bb8 32. Nd4 Bd6 33.
Kg2 Rb4 34. b3 Ra3 35. Rc4 Raxb3 36. Nxb3 Rxc4 37. Rd1 Be5 38. Rd7 Rc7 39. Rd5
f6 40. h4 Kg6 41. Nc5 Kf7 42. f4 Bb2 43. h5 Ba3 44. Ne4 Ke6 45. Ra5 Be7 46.
Ra6+ Kf7 47. g4 Rb7 48. Ng3 Bc5 49. Nf5 Bf8 50. Rc6 Ra7 51. Kf3 Rb7 52. Nd4 Ra7
53. Ke4 Rd7 54. Nf3 Ra7 55. g5 hxg5 56. fxg5 Ra4+ 57. Kf5 Ra3 58. Kg4 Ra7 59.
Kg3 fxg5 60. Nxg5+ Kg8 61. Rc8 Ra5 62. Kg4 Ra4+ 63. Kf5 Ra5+ 64. Kf4 Ra4+ 65.
Kf3 Ra3+ 66. Kf4 Ra4+ 1/2-1/2

[Event "Mitropa Cup 25th"]
[Site "Brno"]
[Date "2006.09.12"]
[Round "6.1"]
[White "Moor, Olivier"]
[Black "Bruno, Fabio"]
[Result "1/2-1/2"]
[WhiteElo "2388"]
[BlackElo "2388"]
[PlyCount "65"]
[EventDate "2006.09.07"]
[EventType "team-tourn"]
[EventRounds "9"]
[EventCountry "CZE"]
[Source "ChessBase"]
[SourceDate "2006.11.03"]
[WhiteTeam "Switzerland"]
[BlackTeam "Italy"]
[WhiteTeamCountry "SUI"]
[BlackTeamCountry "ITA"]

1. d4 d5 2. c4 c6 3. Nf3 Nf6 4. Nc3 e6 5. cxd5 exd5 6. Bg5 Be7 7. Qc2 Na6 8. e3
Nb4 9. Qb1 g6 10. Qd1 Bf5 11. Rc1 Qb6 12. a3 Na6 13. Bxf6 Bxf6 14. b4 Nb8 15.
Bd3 Bxd3 16. Qxd3 Nd7 17. O-O a6 18. e4 dxe4 19. Qxe4+ Kf8 20. d5 Kg7 21. dxc6
Rae8 22. Qd5 Qxc6 23. Qxc6 bxc6 24. Rfd1 Nb8 25. g4 h6 26. Rd3 Rd8 27. Rcd1
Rxd3 28. Rxd3 Rd8 29. Rxd8 Bxd8 30. Kf1 a5 31. Ke2 axb4 32. axb4 Na6 33. b5
1/2-1/2

[Event "Mitropa Cup 25th"]
[Site "Brno"]
[Date "2006.09.13"]
[Round "7.4"]
[White "Jankovic, Alojzije"]
[Black "Borisek, Jure"]
[Result "1-0"]
[WhiteElo "2525"]
[BlackElo "2495"]
[PlyCount "49"]
[EventDate "2006.09.07"]
[EventType "team-tourn"]
[EventRounds "9"]
[EventCountry "CZE"]
[Source "ChessBase"]
[SourceDate "2006.11.03"]
[WhiteTeam "Croatia"]
[BlackTeam "Slovenia"]
[WhiteTeamCountry "CRO"]
[BlackTeamCountry "SLO"]

1. d4 d5 2. c4 dxc4 3. e3 Nf6 4. Bxc4 e6 5. Qe2 c5 6. dxc5 Bxc5 7. Nf3 a6 8.
O-O Qc7 9. e4 Ng4 10. e5 Nxf2 11. Nc3 Nd1+ 12. Kh1 Nxc3 13. bxc3 h6 14. Nd4 Nc6
15. Qg4 g5 16. Qh5 Nxe5 17. Bxe6 Bxd4 18. Bxf7+ Nxf7 19. cxd4 Be6 20. Ba3 Qa5
21. d5 Qxd5 22. Rad1 Qxa2 23. Qf3 Rd8 24. Qf6 Rd7 25. Qxh8+ 1-0

[Event "Mitropa Cup 25th"]
[Site "Brno"]
[Date "2006.09.13"]
[Round "7.4"]
[White "Sakelsek, Tadej"]
[Black "Brkic, Ante"]
[Result "0-1"]
[WhiteElo "2432"]
[BlackElo "2547"]
[PlyCount "58"]
[EventDate "2006.09.07"]
[EventType "team-tourn"]
[EventRounds "9"]
[EventCountry "CZE"]
[Source "ChessBase"]
[SourceDate "2006.11.03"]
[WhiteTeam "Slovenia"]
[BlackTeam "Croatia"]
[WhiteTeamCountry "SLO"]
[BlackTeamCountry "CRO"]

1. e4 c5 2. Nf3 d6 3. d4 cxd4 4. Nxd4 Nf6 5. Nc3 a6 6. Be3 e5 7. Nb3 Be6 8. f3
Nbd7 9. Qd2 b5 10. g4 Nb6 11. g5 Nfd7 12. Nd5 Rc8 13. Na5 Nxd5 14. exd5 Bxd5
15. Qxd5 Qxa5+ 16. c3 Be7 17. Bh3 Qc7 18. Rd1 Rd8 19. Bf5 Nb6 20. Bxb6 Qxb6 21.
h4 g6 22. Be4 Qe3+ 23. Kf1 h6 24. Qb7 Kf8 25. Qxa6 d5 26. gxh6 Bc5 27. Kg2 Qf2+
28. Kh3 Rxh6 29. Qf6 Be7 0-1

[Event "Mitropa Cup 25th"]
[Site "Brno"]
[Date "2006.09.13"]
[Round "7.3"]
[White "Cvek, Robert"]
[Black "Braun, Arik"]
[Result "1-0"]
[WhiteElo "2509"]
[BlackElo "2526"]
[PlyCount "67"]
[EventDate "2006.09.07"]
[EventType "team-tourn"]
[EventRounds "9"]
[EventCountry "CZE"]
[Source "ChessBase"]
[SourceDate "2006.11.03"]
[WhiteTeam "Czech Republic"]
[BlackTeam "Germany"]
[WhiteTeamCountry "CZE"]
[BlackTeamCountry "GER"]

1. e4 c6 2. Nc3 d5 3. Nf3 Bg4 4. h3 Bxf3 5. Qxf3 e6 6. d3 Nd7 7. Bd2 g6 8. Qe2
Ne7 9. g3 Bg7 10. Bg2 Qb6 11. O-O O-O 12. a4 a5 13. Bg5 Nc8 14. Rab1 Qc5 15.
exd5 cxd5 16. Nb5 Ncb6 17. b3 Rfc8 18. c4 dxc4 19. Be3 cxd3 20. Qxd3 Qe7 21.
Qd6 Qxd6 22. Nxd6 Rc3 23. Nb5 Rxe3 24. fxe3 Bh6 25. Nd6 Bxe3+ 26. Kh2 Rf8 27.
Nxb7 Bd2 28. Nxa5 Bxa5 29. b4 Bxb4 30. Rxb4 Nd5 31. Bxd5 exd5 32. a5 Ra8 33.
Ra1 Ra6 34. Rb7 1-0

[Event "Mitropa Cup 25th"]
[Site "Brno"]
[Date "2006.09.13"]
[Round "7.3"]
[White "Kalod, Radek"]
[Black "Brener, Ilja"]
[Result "1-0"]
[WhiteElo "2512"]
[BlackElo "2327"]
[PlyCount "79"]
[EventDate "2006.09.07"]
[EventType "team-tourn"]
[EventRounds "9"]
[EventCountry "CZE"]
[Source "ChessBase"]
[SourceDate "2006.11.03"]
[WhiteTeam "Czech Republic"]
[BlackTeam "Germany"]
[WhiteTeamCountry "CZE"]
[BlackTeamCountry "GER"]

1. e4 c5 2. Nf3 Nc6 3. Bb5 g6 4. c3 Nf6 5. Qe2 Bg7 6. O-O O-O 7. Rd1 d5 8. e5
Ne8 9. Bxc6 bxc6 10. h3 Nc7 11. d3 Ne6 12. Ng5 Nxg5 13. Bxg5 f6 14. Bf4 Qb6 15.
Rd2 g5 16. Bg3 f5 17. f4 gxf4 18. Bxf4 c4+ 19. d4 c5 20. Qe3 Kh8 21. Na3 cxd4
22. cxd4 Ba6 23. Nb1 Qc6 24. Nc3 Rab8 25. Rf1 Rb6 26. Rff2 Qd7 27. Kh2 Rg6 28.
Rf3 Rg8 29. Rg3 Rxg3 30. Bxg3 e6 31. Bh4 Qf7 32. Rf2 Qg6 33. Ne2 c3 34. Nf4 Qf7
35. Qxc3 h6 36. Qc6 Bc8 37. Rc2 h5 38. Qd6 Bf8 39. Qd8 Bh6 40. Qf6+ 1-0

[Event "Mitropa Cup 25th"]
[Site "Brno"]
[Date "2006.09.13"]
[Round "7.2"]
[White "Berczes, David"]
[Black "Chytilek, Roman"]
[Result "1/2-1/2"]
[WhiteElo "2461"]
[BlackElo "2392"]
[PlyCount "32"]
[EventDate "2006.09.07"]
[EventType "team-tourn"]
[EventRounds "9"]
[EventCountry "CZE"]
[Source "ChessBase"]
[SourceDate "2006.11.03"]
[WhiteTeam "Hungary"]
[BlackTeam "Czech Republic II"]
[WhiteTeamCountry "HUN"]
[BlackTeamCountry "CZE"]

1. d4 Nf6 2. c4 c5 3. d5 b5 4. cxb5 a6 5. e3 Bb7 6. Nc3 Qa5 7. Bd2 axb5 8. Ne4
Qb6 9. Nxf6+ Qxf6 10. Bxb5 Qxb2 11. Bc4 Ba6 12. Rb1 Qe5 13. Nf3 Qd6 14. Qa4 e6
15. Qa5 exd5 16. Bxa6 Nxa6 1/2-1/2

[Event "Mitropa Cup 25th"]
[Site "Brno"]
[Date "2006.09.13"]
[Round "7.2"]
[White "Papp, Gabor"]
[Black "Bernasek, Jan"]
[Result "1-0"]
[WhiteElo "2481"]
[BlackElo "2459"]
[PlyCount "39"]
[EventDate "2006.09.07"]
[EventType "team-tourn"]
[EventRounds "9"]
[EventCountry "CZE"]
[Source "ChessBase"]
[SourceDate "2006.11.03"]
[WhiteTeam "Hungary"]
[BlackTeam "Czech Republic II"]
[WhiteTeamCountry "HUN"]
[BlackTeamCountry "CZE"]

1. e4 c5 2. Nf3 e6 3. d4 cxd4 4. Nxd4 a6 5. Nc3 b5 6. g3 Bb7 7. Bg2 Nf6 8. O-O
Qc7 9. Re1 d6 10. Bg5 Nbd7 11. a4 e5 12. Nd5 Nxd5 13. exd5 bxa4 14. Nc6 Nb8 15.
Rxa4 f6 16. Bd2 Be7 17. Qg4 O-O 18. Ba5 Bxc6 19. Bxc7 Bxa4 20. Qxa4 1-0

[Event "Mitropa Cup 25th"]
[Site "Brno"]
[Date "2006.09.13"]
[Round "7.2"]
[White "Simacek, Pavel"]
[Black "Erdos, Viktor"]
[Result "1/2-1/2"]
[WhiteElo "2500"]
[BlackElo "2528"]
[PlyCount "60"]
[EventDate "2006.09.07"]
[EventType "team-tourn"]
[EventRounds "9"]
[EventCountry "CZE"]
[Source "ChessBase"]
[SourceDate "2006.11.03"]
[WhiteTeam "Czech Republic II"]
[BlackTeam "Hungary"]
[WhiteTeamCountry "CZE"]
[BlackTeamCountry "HUN"]

1. e4 c5 2. Nf3 e6 3. d4 cxd4 4. Nxd4 g6 5. g3 d5 6. Nf3 Bc5 7. exd5 exd5 8.
Bg2 Qe7+ 9. Qe2 Qxe2+ 10. Kxe2 Bf5 11. Nc3 Nc6 12. Nxd5 O-O-O 13. Ne3 Be4 14.
Ne1 Nf6 15. c3 Rhe8 16. Bd2 Ng4 17. Bxe4 Rxe4 18. Nf3 Rde8 19. Raf1 Bxe3 20.
fxe3 Nxe3 21. Bxe3 Rxe3+ 22. Kd1 Rd8+ 23. Kc1 Rdd3 24. Ne1 Rd7 25. Rf2 Ne5 26.
Kc2 f6 27. Ng2 Red3 28. Nf4 R3d6 29. Re1 Kc7 30. Re4 b5 1/2-1/2

[Event "Mitropa Cup 25th"]
[Site "Brno"]
[Date "2006.09.13"]
[Round "7.1"]
[White "Gozzoli, Yannick"]
[Black "Moor, Olivier"]
[Result "1-0"]
[WhiteElo "2470"]
[BlackElo "2388"]
[PlyCount "45"]
[EventDate "2006.09.07"]
[EventType "team-tourn"]
[EventRounds "9"]
[EventCountry "CZE"]
[Source "ChessBase"]
[SourceDate "2006.11.03"]
[WhiteTeam "France"]
[BlackTeam "Switzerland"]
[WhiteTeamCountry "FRA"]
[BlackTeamCountry "SUI"]

1. d4 d5 2. c4 c6 3. Nc3 Nf6 4. Nf3 dxc4 5. a4 Bg4 6. Ne5 Bh5 7. h3 Na6 8. g4
Bg6 9. e3 Nb4 10. Bxc4 e6 11. Nxg6 hxg6 12. g5 Nfd5 13. e4 Nb6 14. Bb3 c5 15.
Be3 Rh4 16. Qe2 Bd6 17. O-O-O Kf8 18. Kb1 Bf4 19. Bxf4 Rxf4 20. h4 Qc7 21. Qe3
Rg4 22. Ne2 Rd8 23. Qf3 1-0

[Event "Mitropa Cup 25th"]
[Site "Brno"]
[Date "2006.09.13"]
[Round "7.1"]
[White "Le Roux, Jean Pierre"]
[Black "Jenni, Florian"]
[Result "0-1"]
[WhiteElo "2496"]
[BlackElo "2481"]
[PlyCount "54"]
[EventDate "2006.09.07"]
[EventType "team-tourn"]
[EventRounds "9"]
[EventCountry "CZE"]
[Source "ChessBase"]
[SourceDate "2006.11.03"]
[WhiteTeam "France"]
[BlackTeam "Switzerland"]
[WhiteTeamCountry "FRA"]
[BlackTeamCountry "SUI"]

1. c4 e5 2. Nc3 Nf6 3. g3 Bb4 4. Bg2 O-O 5. e4 d6 6. Nge2 Be6 7. d3 c6 8. O-O
Qc8 9. Bg5 Nbd7 10. f4 h6 11. Bh4 Bc5+ 12. Kh1 Ng4 13. f5 g5 14. fxe6 fxe6 15.
Nf4 Ndf6 16. Ng6 Rf7 17. Qd2 Kh7 18. h3 Nf2+ 19. Rxf2 Bxf2 20. Qxf2 Kxg6 21. c5
gxh4 22. g4 Nd5 23. Qxh4 Nf4 24. cxd6 Qd8 25. Qg3 Qxd6 26. Rd1 Raf8 27. d4 exd4
0-1

[Event "Mitropa Cup 25th"]
[Site "Brno"]
[Date "2006.09.13"]
[Round "7.1"]
[White "Raeber, Markus"]
[Black "Colin, Vincent"]
[Result "1-0"]
[WhiteElo "2219"]
[BlackElo "2415"]
[PlyCount "87"]
[EventDate "2006.09.07"]
[EventType "team-tourn"]
[EventRounds "9"]
[EventCountry "CZE"]
[Source "ChessBase"]
[SourceDate "2006.11.03"]
[WhiteTeam "Switzerland"]
[BlackTeam "France"]
[WhiteTeamCountry "SUI"]
[BlackTeamCountry "FRA"]

1. e4 c5 2. Nf3 Nc6 3. d4 cxd4 4. Nxd4 g6 5. c4 Bg7 6. Be3 Nf6 7. Nc3 O-O 8.
Be2 d6 9. O-O Bd7 10. Qd2 Nxd4 11. Bxd4 Bc6 12. f3 Nd7 13. Rfd1 Bxd4+ 14. Qxd4
Qb6 15. b3 Qxd4+ 16. Rxd4 a5 17. Rb1 Nc5 18. Bf1 Kg7 19. Kf2 g5 20. Nd5 Bxd5
21. Rxd5 f6 22. Ke3 Ra6 23. g3 Kf7 24. Bh3 Rb6 25. f4 e6 26. Rd2 Ke7 27. Rdb2
Ra8 28. a3 Nd7 29. Bg4 Rc6 30. Be2 Nb6 31. h4 gxf4+ 32. gxf4 Rg8 33. b4 Na4 34.
Rb3 Rcc8 35. c5 dxc5 36. bxa5 c4 37. Rxb7+ Kd6 38. R1b4 c3 39. Rxa4 Rg3+ 40.
Kf2 e5 41. Rb1 exf4 42. a6 Rcg8 43. Rf1 f3 44. Bxf3 1-0

[Event "Mitropa Cup 25th"]
[Site "Brno"]
[Date "2006.09.13"]
[Round "7.1"]
[White "Wirthensohn, Heinz"]
[Black "Abergel, Thal"]
[Result "1/2-1/2"]
[WhiteElo "2397"]
[BlackElo "2477"]
[PlyCount "171"]
[EventDate "2006.09.07"]
[EventType "team-tourn"]
[EventRounds "9"]
[EventCountry "CZE"]
[Source "ChessBase"]
[SourceDate "2006.11.03"]
[WhiteTeam "Switzerland"]
[BlackTeam "France"]
[WhiteTeamCountry "SUI"]
[BlackTeamCountry "FRA"]

1. Nf3 c5 2. c4 g6 3. d4 Bg7 4. e4 Nc6 5. dxc5 Qa5+ 6. Nfd2 Qxc5 7. Be2 Nd4 8.
Nb3 Nxb3 9. axb3 Nf6 10. Nc3 Qc7 11. O-O O-O 12. Be3 a6 13. f3 d6 14. Qd2 Be6
15. Rfc1 Rfc8 16. b4 Qd8 17. b3 Nd7 18. Rab1 a5 19. bxa5 Qxa5 20. b4 Qa3 21.
Nb5 Qa2 22. Qxa2 Rxa2 23. Bf1 Ne5 24. c5 dxc5 25. bxc5 Nc6 26. Bf2 Na5 27. Na7
Rd8 28. Rd1 Rxd1 29. Rxd1 Be5 30. g3 Nb3 31. c6 bxc6 32. Nxc6 Bd6 33. e5 Ba3
34. Be3 Kg7 35. Nd4 Nxd4 36. Bxd4 Bb2 37. Bxb2 Rxb2 38. h4 h6 39. Re1 Bd5 40.
Re3 e6 41. Be2 g5 42. hxg5 hxg5 43. g4 Kf8 44. Kf1 Ke7 45. Ra3 Kd8 46. Ra7 Bb7
47. Kf2 Kc7 48. Ke3 Rb3+ 49. Kf2 Kb6 50. Ra1 Kc5 51. Rd1 Bd5 52. Rd2 Rc3 53.
Kg3 Re3 54. Rc2+ Kd4 55. Kf2 Rb3 56. Rc7 Rb7 57. Rxb7 Bxb7 58. Bb5 Kxe5 59. Ke3
f6 60. Bd3 Bc8 61. Bc4 Kd6 62. Bb3 Kc5 63. Bc2 Bd7 64. Bg6 Kc4 65. Bh7 Kc3 66.
Bg6 Kb2 67. Bd3 Kc1 68. Bc4 Kd1 69. Kf2 Kd2 70. Ba6 Ba4 71. Bb7 Bb3 72. Bc6 Bd5
73. Be8 e5 74. Bd7 Kd3 75. Bf5+ Kd4 76. Bd7 Bc4 77. Bc8 Bf7 78. Bd7 Kd5 79. Bf5
Be6 80. Bg6 Kd4 81. Bh7 e4 82. Bxe4 Bxg4 83. Bb7 Be6 84. f4 g4 85. Kg3 Ke3 86.
Bc6 1/2-1/2

[Event "Mitropa Cup 25th"]
[Site "Brno"]
[Date "2006.09.13"]
[Round "7.5"]
[White "Bruno, Fabio"]
[Black "Repkova, Eva"]
[Result "1-0"]
[WhiteElo "2388"]
[BlackElo "2351"]
[PlyCount "141"]
[EventDate "2006.09.07"]
[EventType "team-tourn"]
[EventRounds "9"]
[EventCountry "CZE"]
[Source "ChessBase"]
[SourceDate "2006.11.03"]
[WhiteTeam "Italy"]
[BlackTeam "Slovakia"]
[WhiteTeamCountry "ITA"]
[BlackTeamCountry "SVK"]

1. c4 e6 2. Nc3 d5 3. d4 Nf6 4. cxd5 exd5 5. Bg5 c6 6. e3 Qb6 7. Bxf6 Qxb2 8.
Qc1 Ba3 9. Nxd5 Qxc1+ 10. Rxc1 gxf6 11. Rc4 Kd8 12. Ra4 Bc5 13. dxc5 cxd5 14.
Nf3 Nc6 15. Bb5 Rg8 16. Bxc6 bxc6 17. g3 Bh3 18. Nd4 Kd7 19. Kd2 Rgb8 20. Kc3
a5 21. Rg1 h5 22. Kc2 Rb4 23. Rxb4 axb4 24. Kb2 Ra3 25. Nb3 Bg4 26. f3 Bxf3 27.
Rf1 Be4 28. Rxf6 Ke7 29. Rd6 f6 30. Ka1 Bc2 31. Kb2 Be4 32. h4 Bg2 33. Rxc6 d4
34. Rd6 dxe3 35. Rd3 Bd5 36. Rxe3+ Kd7 37. Rd3 Kc6 38. Rd4 Bxb3 39. axb3 Kxc5
40. Rc4+ Kd5 41. Rxb4 Ra8 42. Rf4 Rg8 43. Rxf6 Rxg3 44. Rf5+ Kc6 45. Rxh5 Kb6
46. Rf5 Rh3 47. h5 Kc6 48. Ka3 Rh4 49. Re5 Kb6 50. Rd5 Kc6 51. Rg5 Kb6 52. b4
Rh1 53. Kb3 Rc1 54. Kb2 Rc4 55. Ka3 Rc1 56. Kb3 Rh1 57. Kc2 Rh3 58. Kd2 Rb3 59.
b5 Kc7 60. Rd5 Rf3 61. Ke2 Rb3 62. Kf2 Rh3 63. Kg2 Re3 64. h6 Re7 65. Rh5 Rh7
66. Kf3 Kd6 67. Ke4 Ke6 68. Kd4 Kd6 69. Rh1 Kc7 70. Ke5 Kb6 71. Kf6 1-0

[Event "Mitropa Cup 25th"]
[Site "Brno"]
[Date "2006.09.13"]
[Round "7.5"]
[White "Caruana, Fabiano"]
[Black "Petrik, Tomas"]
[Result "0-1"]
[WhiteElo "2444"]
[BlackElo "2523"]
[PlyCount "86"]
[EventDate "2006.09.07"]
[EventType "team-tourn"]
[EventRounds "9"]
[EventCountry "CZE"]
[Source "ChessBase"]
[SourceDate "2006.11.03"]
[WhiteTeam "Italy"]
[BlackTeam "Slovakia"]
[WhiteTeamCountry "ITA"]
[BlackTeamCountry "SVK"]

1. e4 e6 2. d4 d5 3. Nc3 Bb4 4. e5 c5 5. a3 Bxc3+ 6. bxc3 Ne7 7. Qg4 O-O 8. Bd3
Nbc6 9. Qh5 Ng6 10. Nf3 Qc7 11. Be3 Nce7 12. Ng5 h6 13. Nf3 f5 14. exf6 Rxf6
15. Ne5 Nxe5 16. Qxe5 Qa5 17. dxc5 Nc6 18. Qd6 Qxc3+ 19. Ke2 Nd4+ 20. Bxd4 Qxd4
21. f3 e5 22. c3 Qxc3 23. Qd8+ Rf8 24. Qxd5+ Kh8 25. Rhd1 Bf5 26. Bxf5 Rxf5 27.
Qxb7 Qc4+ 28. Rd3 Raf8 29. Qb4 Qa6 30. Rad1 Rf4 31. Qb3 e4 32. fxe4 Rf2+ 33.
Ke3 Qf6 34. Rd5 Rf3+ 35. gxf3 Qxf3+ 36. Kd4 Qxb3 37. Rd3 Qb2+ 38. Kc4 Qc2+ 39.
Kd4 Re8 40. e5 Kh7 41. h3 Qa4+ 42. Ke3 Rf8 43. R5d4 Qc2 0-1

[Event "Mitropa Cup 25th"]
[Site "Brno"]
[Date "2006.09.13"]
[Round "7.5"]
[White "Jurcik, Marian"]
[Black "Lettieri, Giuseppe"]
[Result "1/2-1/2"]
[WhiteElo "2328"]
[BlackElo "2295"]
[PlyCount "104"]
[EventDate "2006.09.07"]
[EventType "team-tourn"]
[EventRounds "9"]
[EventCountry "CZE"]
[Source "ChessBase"]
[SourceDate "2006.11.03"]
[WhiteTeam "Slovakia"]
[BlackTeam "Italy"]
[WhiteTeamCountry "SVK"]
[BlackTeamCountry "ITA"]

1. e4 g6 2. d4 Bg7 3. Nc3 d6 4. Be3 a6 5. Qd2 b5 6. O-O-O Bb7 7. f3 Nd7 8. g4
Rc8 9. d5 c5 10. dxc6 Bxc6 11. Bd4 Ngf6 12. g5 Nh5 13. Nce2 Bxd4 14. Nxd4 Nb6
15. b3 e5 16. Nxc6 Rxc6 17. Ne2 O-O 18. Bh3 Qc7 19. Bg4 Ng7 20. f4 Rd8 21. fxe5
d5 22. Kb1 Qxe5 23. Qf4 Re8 24. exd5 Nxd5 25. Qxe5 Rxe5 26. Bf3 Nc3+ 27. Nxc3
Rxc3 28. Rd8+ Re8 29. Rxe8+ Nxe8 30. Be4 Nd6 31. Bd3 Rc5 32. h4 Kg7 33. Rf1 h6
34. Rf6 Rd5 35. b4 hxg5 36. hxg5 Kf8 37. Bxg6 Rxg5 38. Bxf7 Nxf7 39. Rxa6 Ke7
40. a4 bxa4 41. Rxa4 Nd6 42. Kb2 Rg3 43. c3 Ke6 44. Ra6 Kd5 45. Ra5+ Kc6 46.
Rc5+ Kb6 47. c4 Rg4 48. Kb3 Ne4 49. Rb5+ Kc6 50. Rh5 Nd2+ 51. Kc3 Ne4+ 52. Kb3
Rg6 1/2-1/2